00726nam a22001217a 4500008004100000020001500041050002000056100002000076245006000096260004400156300003900200521036500239200211b xxu||||| |||| 00| 0 eng d a0721624758 aRC76.S95 (1989) aSwartz, Mark H. aTextbook of physical diagnosis: history and examination aPhiladelphia, PA:bW.B Saunders,c1989. axvi, 646p.:bill. chiefly coloured aContent: The art of interviewing The interviewers questions, the patients response; putting the history together; The science of the physical examination; The physical examination; the skin; the head and neck; the eye; the ear and nose; the oral cavity and pharynx, ; the chest; clinical decision making; the clinical record; appendix commonly abused drugs